Los doce economistas mas importantes de la historia : (Registro nro. 4714)
[ vista simple ]
| 000 -LEADER | |
|---|---|
| fixed length control field | 01417nam a2200277Ia 4500 |
| 003 - CONTROL NUMBER IDENTIFIER | |
| control field | OSt |
| 005 - DATE AND TIME OF LATEST TRANSACTION | |
| control field | 20200702194117.0 |
| 008 - FIXED-LENGTH DATA ELEMENTS--GENERAL INFORMATION | |
| fixed length control field | 191128s2011 ck ac gr 000 0dspa d |
| 020 ## - INTERNATIONAL STANDARD BOOK NUMBER | |
| International Standard Book Number | 9789584536112 |
| 040 ## - CATALOGING SOURCE | |
| Original cataloging agency | CO-JMCR |
| Transcribing agency | CO-JMCR |
| 041 0# - LANGUAGE CODE | |
| Language code of text/sound track or separate title | spa |
| 082 04 - DEWEY DECIMAL CLASSIFICATION NUMBER | |
| Classification number | 330.9 / |
| Item number | L432d |
| Edition number | 23 |
| 100 1# - MAIN ENTRY--PERSONAL NAME | |
| Personal name | Lüchinger, René, |
| Relator term | editor |
| 9 (RLIN) | 6596 |
| 245 14 - TITLE STATEMENT | |
| Title | Los doce economistas mas importantes de la historia : |
| Remainder of title | desde Smith hasta Stiglitz / |
| Statement of responsibility, etc. | René Lüchinger |
| 250 ## - EDITION STATEMENT | |
| Edition statement | Colección documentos |
| 260 ## - PUBLICATION, DISTRIBUTION, ETC. | |
| Place of publication, distribution, etc. | Bogotá : |
| Name of publisher, distributor, etc. | Grupo editorial norma, |
| Date of publication, distribution, etc. | 2011. |
| 300 ## - PHYSICAL DESCRIPTION | |
| Extent | 192 páginas : |
| Other physical details | retratos ; |
| Dimensions | 23 xm. |
| 500 ## - GENERAL NOTE | |
| General note | Incluye biografia del autor en solapa frontal. |
| 505 0# - FORMATTED CONTENTS NOTE | |
| Formatted contents note | El padre de l aeconomía nacional -- El amigo de los pobres -- El primer comunista -- el inventor del modelo de equilibrio -- El salvador del capitalismo -- El honor de los socialistas -- La conciencia de los mánager |
| 520 0# - SUMMARY, ETC. | |
| Summary, etc. | En tiempos de crisis bursatiles y financieras, resulta util conocer cuales son las teorias mas importantes que han moldeado el pensamiento economico mundial. Este libro permitira a los lectores contar con bografias de los teoricos mas sobresalientes, cuya |
| 650 14 - SUBJECT ADDED ENTRY--TOPICAL TERM | |
| Topical term or geographic name entry element | Adam Smith |
| Chronological subdivision | 1723-1790 |
| General subdivision | Biografía |
| 9 (RLIN) | 6597 |
| 650 24 - SUBJECT ADDED ENTRY--TOPICAL TERM | |
| Topical term or geographic name entry element | David Ricardo |
| Chronological subdivision | 1772-1823 |
| General subdivision | Biografía |
| 9 (RLIN) | 6598 |
| 650 24 - SUBJECT ADDED ENTRY--TOPICAL TERM | |
| Topical term or geographic name entry element | Karl Marx |
| Chronological subdivision | 1818-1883 |
| General subdivision | Biografía |
| 9 (RLIN) | 6599 |
| 650 24 - SUBJECT ADDED ENTRY--TOPICAL TERM | |
| Topical term or geographic name entry element | León Walras |
| Chronological subdivision | 1834-1910 |
| General subdivision | Biografía |
| 9 (RLIN) | 6600 |
| 942 ## - ADDED ENTRY ELEMENTS (KOHA) | |
| Source of classification or shelving scheme | Dewey Decimal Classification |
| Koha item type | Books |
| Withdrawn status | Lost status | Source of classification or shelving scheme | Materials specified (bound volume or other part) | Damaged status | Not for loan | Home library | Current library | Shelving location | Date acquired | Source of acquisition | Cost, normal purchase price | Total Checkouts | Full call number | Barcode | Date last seen | Copy number | Price effective from | Koha item type |
|---|---|---|---|---|---|---|---|---|---|---|---|---|---|---|---|---|---|---|
| Dewey Decimal Classification | Donación--15/04/2018-- | Biblioteca Pública José María del Castillo y Rada | Biblioteca Pública José María del Castillo y Rada | General Stacks | 11/28/2019 | Donación | 0.00 | 330.9 / L432d | 430000014 | 05/16/2024 | Ej.1 | 11/28/2019 | Books |